| 000 | 00971nas a2200349 4500 | ||
|---|---|---|---|
| 001 | BR0404222 | ||
| 003 | BR-BrBNA | ||
| 005 | 20231205104807.0 | ||
| 007 | ta | ||
| 008 | 230509b bl.|||p| |||| 00| 00por d | ||
| 040 |
_aBR-BrBNA _bpor _cBiblioteca Nacional de Agricultura |
||
| 041 | _a(Pt) | ||
| 072 | _aL60 | ||
| 100 | 1 | _aSantos, C. | |
| 100 | 1 | _aSchwarz Júnior, R. | |
| 100 | 1 | _aOliveira Neto, J.F. de | |
| 100 | 1 | _aSpach, H.L. | |
| 245 | 1 | _aA ictiofauna em duas planícies de maré do setor euhalino da Baía de Paranaguá, PR | |
| 650 | _aPEIXE | ||
| 650 | _aESPÉCIE | ||
| 650 | _aPLANÍCIE | ||
| 650 | _aTEMPERATURA | ||
| 650 | _aSALINIDADE | ||
| 650 | _aÁGUA | ||
| 650 | _aCAPTURA | ||
| 650 | _aESTRUTURA ANIMAL | ||
| 650 | _aFAUNA | ||
| 650 | _aPARANÁ | ||
| 773 | 0 |
_tBoletim do Instituto de Pesca (Brazil) _xISSN 0046-9939 _g(2002), v. 28(1) p. 49-60 _wBR0404222 |
|
| 909 |
_a202311 _bLúcia _c55 _dLúcia Elande |
||
| 942 |
_2AGRIS _n0 _cANA |
||
| 999 |
_c179714 _d179714 |
||